[Event "SRB-chT3 West CS"]
[Site "Serbia"]
[Date "2017.10.15"]
[Round "11.24"]
[White "Dabic, Miroslav"]
[Black "Rasic, Milan"]
[Result "1/2-1/2"]
[WhiteElo "1981"]
[BlackElo "1654"]
[PlyCount "72"]
[EventDate "2017.09.03"]
[EventType "team-tourn"]
[EventRounds "11"]
[EventCountry "SRB"]
[SourceTitle "EXT 2021"]
[Source "ChessBase"]
[SourceDate "2020.10.23"]
[SourceVersion "1"]
[SourceVersionDate "2020.10.23"]
[SourceQuality "1"]

1. e4 c5 2. Nf3 Nc6 3. Bb5 g6 4. 0-0 Bg7 5. c3 Nf6 6. Re1 0-0 7. e5 Nd5 8. d4 d6 9. dxc5 dxc5 10. Bxc6 bxc6 11. Nbd2 Bf5 12. Ne4 Qb6 13. Ng3 Be6 14. Ng5 Bc8 15. Qa4 f6 16. exf6 exf6 17. N5e4 Re8 18. Bd2 Ba6 19. c4 Nb4 20. Nxc5 Qxc5 21. Qxb4 Qxc4 22. Rac1 Rxe1+ 23. Rxe1 Qxa2 24. Bc3 Qd5 25. Ne4 Qf5 26. Qd6 Rf8 27. Qxc6 Bb5 28. Qb7 a6 29. Nd6 Qd3 30. Nxb5 Qxb5 31. Re7 Qxb7 32. Rxb7 Re8 33. Rb6 f5 34. Kf1 Bxc3 35. bxc3 Rc8 36. Rxa6 Rxc3 1/2-1/2

[Event "SRB-chT3 West CS"]
[Site "Serbia"]
[Date "2017.10.13"]
[Round "7.6"]
[White "Dabic, Miroslav"]
[Black "Vojinovic, Miroljub"]
[Result "1/2-1/2"]
[WhiteElo "1981"]
[BlackElo "1969"]
[PlyCount "55"]
[EventDate "2017.09.03"]
[EventType "team-tourn"]
[EventRounds "11"]
[EventCountry "SRB"]
[SourceTitle "EXT 2021"]
[Source "ChessBase"]
[SourceDate "2020.10.23"]
[SourceVersion "1"]
[SourceVersionDate "2020.10.23"]
[SourceQuality "1"]

1. e4 c5 2. Nf3 Nc6 3. Bb5 d6 4. 0-0 Bd7 5. c3 a6 6. Bxc6 Bxc6 7. Re1 g6 8. d4 Bg7 9. d5 Bd7 10. e5 dxe5 11. Nxe5 Nf6 12. d6 e6 13. Bg5 h6 14. Bxf6 Bxf6 15. Nd2 0-0 16. Ndc4 Rb8 17. a4 b6 18. a5 Bxe5 19. Rxe5 f6 20. Re3 bxa5 21. Rxa5 Bb5 22. Qg4 Kg7 23. b4 cxb4 24. cxb4 Bxc4 25. Qxc4 Qxd6 26. Rxe6 Qxb4 27. Qxb4 Rxb4 28. g3 1/2-1/2